000 00330nam a22001457a 4500
020 _a9788177543155
082 _a621.0423 VIJ/FU
100 _aVijayalakshmi G S
100 _aMeena Devi V N
100 _aNagendra Prasad P
245 _aFuels and Biofuels
260 _aJodhpur
_bAgrobios
_c2012
300 _a274
942 _cBK
999 _c13861
_d13861